| 000 | 05912cam a22018374i 4500 | ||
|---|---|---|---|
| 003 | PE-LiUPU | ||
| 005 | 20250813165951.0 | ||
| 008 | 150706s2013 sp r 000 0 spa d | ||
| 020 | _a9788495626899 | ||
| 035 | _a(Sirsi) i9788495626899 | ||
| 040 |
_aPE-LiUPU _bspa _cPE-LiUPU _erda |
||
| 049 | _aPRUA | ||
| 082 | 0 | 4 |
_a610.73 _bF91 _221 |
| 245 | 0 | 0 |
_aFundamentos y bases para todas las áreas enfermeras : _bmanual completo de enfermería / _cDaniel Andrés Checa, coordinador. |
| 264 | 1 |
_a[Madrid] : _bBarcelBaires, _c2013. |
|
| 300 |
_a530 páginas : _bilustraciones ; _c29 centímetros |
||
| 300 | _a02 CD-ROM | ||
| 336 |
_atext _2rdacontent |
||
| 337 |
_aunmediated _2rdamedia |
||
| 338 |
_avolume _2rdacarrier |
||
| 505 | 0 | _aFundamentos de enfermería -- Los modelos de cuidados -- Corrientes de pensamiento enfermero I: modelos y teorías (1859-1969) -- Corrientes de pensamiento enfermero II: modelos y teorías (1970-actualidad) -- El proceso de cuidar y su instrumento metodológico -- Juicio diagnóstico -- Juicio y acción terapéutica: planificación, ejecución y evaluación -- Descripción y análisis de las clasificaciones NANDA, NOC Y NIC -- Administración y gestión -- Sistema sanitario: concepto y tipos -- Economía y salud -- La planificación de los servicios de salud -- Los sistemas organizativos actuales -- Cargas de trabajo y dotación de personal -- Recursos materiales: cálculo de costes -- La calidad en la atención de la salud y los cuidados enfermeros -- Ética y legislación -- Nociones generales sobre la ética -- La dimensión ética de los cuidados enfermeros -- Legislación sanitaria y ejercicio profesional -- Relación y comunicación: enfermería psicosocial -- La relación interpersonal -- La enfermera en la relación -- El paciente en la relación -- Comunicación con el paciente y la familia -- Intervenciones terapéuticas -- Psiquiatría y salud mental -- Introducción a la enfermería psiquiátrica -- Trastornos y problemas relacionados con la salud mental -- Enfermería comunitaria -- Nutrición y dietética -- Enfermería de la mujer -- Enfermería del niño y el adolescente -- Enfermería del anciano -- Técnicas y procedimientos habituales en cuidados de enfermería -- Enfermería del trabajo. | |
| 526 | _aP203 | ||
| 526 | _aP200 | ||
| 526 | _aSEG65 | ||
| 526 | _aSEG64 | ||
| 526 | _aSEG63 | ||
| 526 | _aSEG62 | ||
| 526 | _aSEG61 | ||
| 526 | _aSEG60 | ||
| 526 | _aSEG59 | ||
| 526 | _aSEG58 | ||
| 526 | _aSEG57 | ||
| 526 | _aSEG56 | ||
| 526 | _aSEG55 | ||
| 526 | _aSEG54 | ||
| 526 | _aSEG53 | ||
| 526 | _aSEG52 | ||
| 526 | _aSEG51 | ||
| 526 | _aSEG50 | ||
| 526 | _aSEG49 | ||
| 526 | _aSEG48 | ||
| 526 | _aSEG47 | ||
| 526 | _aSEG46 | ||
| 526 | _aSEG24 | ||
| 526 | _aSEG23 | ||
| 526 | _aSEG22 | ||
| 526 | _aSEG21 | ||
| 526 | _aSEG20 | ||
| 526 | _aSEG19 | ||
| 526 | _aSEG18 | ||
| 526 | _aSEG17 | ||
| 526 | _aSEG16 | ||
| 526 | _aSEG14 | ||
| 526 | _aSEG13 | ||
| 526 | _aSEG12 | ||
| 526 | _aSEG11 | ||
| 526 | _aSEG10 | ||
| 526 | _aSEG09 | ||
| 526 | _aSEG06 | ||
| 526 | _aSEG05 | ||
| 526 | _aSEG04 | ||
| 526 | _aSEG03 | ||
| 526 | _aSEG02 | ||
| 526 | _aSEG68 | ||
| 526 | _aSEG66 | ||
| 526 | _aSEG45 | ||
| 526 | _aSEG25 | ||
| 526 | _aSEG01 | ||
| 526 | _aP163 | ||
| 526 | _aP162 | ||
| 526 | _aP161 | ||
| 526 | _aP160 | ||
| 526 | _aP159 | ||
| 526 | _aP158 | ||
| 526 | _aP157 | ||
| 526 | _aP156 | ||
| 526 | _aP155 | ||
| 526 | _aP154 | ||
| 526 | _aP153 | ||
| 526 | _aP152 | ||
| 526 | _aP151 | ||
| 526 | _aP150 | ||
| 526 | _aP149 | ||
| 526 | _aP142 | ||
| 526 | _aP141 | ||
| 526 | _aP140 | ||
| 526 | _aP139 | ||
| 526 | _aP138 | ||
| 526 | _aP137 | ||
| 526 | _aP132 | ||
| 526 | _aP131 | ||
| 526 | _aP130 | ||
| 526 | _aP126 | ||
| 526 | _aP125 | ||
| 526 | _aP124 | ||
| 526 | _aP123 | ||
| 526 | _aP115 | ||
| 526 | _aP122 | ||
| 526 | _aP121 | ||
| 526 | _aP116 | ||
| 526 | _a P114 | ||
| 526 | _aP112 | ||
| 526 | _aP111 | ||
| 526 | _aP104 | ||
| 526 | _aP103 | ||
| 526 | _aP102 | ||
| 526 | _aP101 | ||
| 526 | _aP100 | ||
| 526 | _aP96 | ||
| 526 | _aP95 | ||
| 526 | _aP93 | ||
| 526 | _aP92 | ||
| 526 | _aP91 | ||
| 526 | _aP88 | ||
| 526 | _aP83 | ||
| 526 | _aP82 | ||
| 526 | _aP79 | ||
| 526 | _aP78 | ||
| 526 | _aP75 | ||
| 526 | _aP74 | ||
| 526 | _aP71 | ||
| 526 | _aP69 | ||
| 526 | _a P51 | ||
| 526 | _aP49 | ||
| 526 | _aP48 | ||
| 526 | _aP47 | ||
| 526 | _aP33 | ||
| 526 | _aP31 | ||
| 526 | _a P30 | ||
| 526 | _aP29 | ||
| 526 | _aP27 | ||
| 526 | _aP26 | ||
| 526 | _aP25 | ||
| 526 | _aP24 | ||
| 526 | _a P22 | ||
| 526 | _aP10 | ||
| 526 | _aP09 | ||
| 526 | _a P08 | ||
| 526 | _aP06 | ||
| 526 | _aP05 | ||
| 526 | _aP04 | ||
| 526 | _aP01 | ||
| 541 | _g001-000125; | ||
| 541 | _g001-000125; | ||
| 650 | 0 | 4 |
_aEnfermería. _93122 |
| 700 | 1 |
_aCheca, Daniel Andrés, _ecoord. |
|
| 700 | 1 |
_aAcebes Seisdedos, Elena, _eed. |
|
| 910 |
_ag _clch _dl20140206 |
||
| 942 |
_2ddc _cBOOK |
||
| 949 |
_a610.73 F9 1 _wDEWEY _c1 _i69269 _lCCODEBUL1 _mBUL _p42.00 _r0 _sY _tBOOK _u2015-7-6 _xSALUD _PP22 _o.STAFF. Colección General |
||
| 949 |
_a610.73 F9 1 _wDEWEY _c2 _i69271 _lCCODEBUL1 _mBUL _p42.00 _r0 _sY _tBOOK _u2015-7-6 _xSALUD _PP22 _o.STAFF. Colección General |
||
| 994 |
_aC0 _bPEPRU |
||
| 596 | _a1 | ||
| 999 |
_a610.73 F9 1 _wDEWEY _c56235 _i69269 _d56235 _e2018-6-3 _f2021-11-3 _g5 _lCCODEBUL1 _mBUL _n4 _p42.00 _q2 _r0 _sY _tBOOK _u2015-7-6 _xSALUD _PP22 _0COMPRA _o.STAFF. Colección Ciencias de la Salud |
||
| 999 |
_a610.73 F9 1 _wDEWEY _c2 _i69271 _d2015-10-15 _e2015-10-14 _f2021-11-3 _g5 _lCCODEBUL1 _mBUL _n1 _p42.00 _r0 _sY _tBOOK _u2015-7-6 _xSALUD _PP22 _0COMPRA _o.STAFF. Colección Ciencias de la Salud |
||
| 980 |
_81 _gALBERTO SANCHEZ Responsable de Automatización |
||